000 01087cam a22003257a 4500
003 CHAP
005 20220329142803.0
008 030930d2002 mx rl f00110 spa d
010 _a87761
011 _a88733
035 _a99278
040 _cCHAP
082 0 4 _a574.5
_bM9
110 0 0 _aMéxico. Leyes, decretos, etc.
_977071
245 1 0 _aLeyes ambientales de México :
_bcompendio
_c/por Procuraduria Federal de Protección al Ambiente
260 _aMéxico, D.F. ;
_bPROFEPA,
_c2002.
300 _a900 p. [c.a.]
590 _aBATCH-UPD
_b10
_c20130110
_lUCH01
_h1237
590 _aBATCH-UPD
_b10
_c20130410
_lUCH01
_h0805
590 _aBATCH-UPD
_b10
_c20130914
_lUCH01
_h1229
590 _aCONVERSION
_b10
_c20130109
_lUCH01
_h1349
650 1 4 _aEcología
_xLeyes
_xMéxico.
_935153
650 1 4 _aMedio ambiente
_xLeyes.
_974098
650 1 4 _aPolítica ambiental
_xMéxico.
_990426
650 1 4 _aRecursos naturales
_xConservación
_xMéxico.
_995242
901 _aBK
905 _aMayto Villalobos S.
942 _cLIBRO
949 _a574.5 M9
_bBC
_cC
_d33724000892733
_eC
_h103687
_i99278
_sb
999 _c87761
_d87761